000 00692nam a2200289Ia 4500
005 20260324112531.0
008 008 260324s9999 xx 000 0 eng d
020 _a9781003571346
037 _aEBOOK
040 _aCRL
040 _beng
040 _cCRL
041 _2eng
041 _aeng
084 _qCRL
100 _aTerry Farrell; Adam Nathaniel Furman
_91143093
245 0 _aPostmodernism
245 0 _bArchitecture That Changed Our World
260 _bTaylor and Francis
260 _c2024
365 _a
365 _b74.99
856 _uhttp://www.taylorfrancis.com/books/9781003571346
942 _cEBOOK
999 _c1732335
_d1732335